What do these three-letter acronyms stand for? - Statistics

General Stats
  • This quiz has been taken 27 times
  • The average score is 9 of 20
Answer Stats
Hint Answer % Correct
OMG Oh My God
100%
USA United States of America
96%
KFC Kentucky Fried Chicken
88%
JFK John Fitzgerald Kennedy
81%
WWI World War I
77%
CIA Central Intelligence Agency
73%
UAE United Arab Emirates
69%
CEO Chief Executive Officer
62%
GBP Great British Pound
42%
CPU Central Processing Unit
35%
ATM Automated Teller Machine
27%
GMO Genetically Modified Organism
27%
MSG Monosodium Glutamate
19%
SMS Short Message Service
19%
BCE Before the Common Era
12%
LSD Lysergic Acid Diethylamide
12%
QED Quod Erat Demonstrandum
12%
PDF Portable Document Format
8%
SAT Scholastic Aptitude Test
8%
TLA Three-Letter Acronym
8%
No matching quizzes found
Score Distribution
Percent of People with Each Score
Percentile by Number Answered
Your Score History
You have not taken this quiz